[Event "DM 2022 Kort Paaske 1 Grp2"]
[Site "Svendborg"]
[Date "2022.04.10"]
[Round "3"]
[White "Skov Nielsen, Kasper"]
[Black "Nielsen, Jan"]
[Result "1/2-1/2"]
[WhiteElo "1545"]
[BlackElo "1568"]
[PlyCount "183"]
[EventDate "2022.04.09"]
[EventType "swiss"]
[EventRounds "5"]
[EventCountry "DEN"]

1. e4 c5 2. Nc3 Nc6 3. Bb5 a6 4. Bxc6 bxc6 5. f4 e6 6. Nf3 d6 7. O-O Nf6 8. Qe1
Be7 9. d3 O-O 10. e5 Ne8 11. exd6 Nxd6 12. Ne4 Nf5 13. Ne5 Qc7 14. Qf2 f6 15.
Nc4 Nd4 16. c3 Nf5 17. Nxc5 Qa7 18. Ne4 Qxf2+ 19. Nxf2 Rd8 20. Nb6 Rb8 21. Nxc8
Rbxc8 22. Re1 Kf7 23. g4 Nh4 24. Re3 f5 25. h3 Bd6 26. Re2 Ng6 27. Bd2 Bxf4 28.
Rf1 Bxd2 29. Rxd2 Nh4 30. Ne4 Kg6 31. Nc5 Rd6 32. gxf5+ exf5 33. d4 Re8 34.
Rdf2 Re3 35. Kh2 Kf6 36. Nxa6 g5 37. Nc5 h5 38. a4 g4 39. hxg4 hxg4 40. Kh1 Kg6
41. Rg1 Rh3+ 42. Rh2 Rxh2+ 43. Kxh2 Nf3+ 44. Kg2 Nxg1 45. Kxg1 Kf6 46. a5 Rd8
47. a6 Ke7 48. Kf2 f4 49. b3 Kf7 50. Nd3 Ra8 51. Ne5+ Kf6 52. Nxg4+ Kg5 53. Ne5
Rxa6 54. Nd3 Ra2+ 55. Kf3 Rc2 56. Nxf4 Rxc3+ 57. Ke4 Rxb3 58. Ne6+ Kf6 59. Nc5
Rb1 60. Nd3 Ke6 61. Nc5+ Kd6 62. Nd3 Rd1 63. Nf4 Ra1 64. Nd3 Ra4 65. Nc5 Rc4
66. Nd3 Ra4 67. Nc5 Ra7 68. Nd3 Re7+ 69. Kf4 Kd5 70. Nb4+ Kd6 71. Nd3 Re2 72.
Nb4 c5 73. dxc5+ Kxc5 74. Nd3+ Kd4 75. Nb4 Rf2+ 76. Kg3 Rf8 77. Nc6+ Ke4 78.
Ne7 Ke3 79. Nd5+ Ke2 80. Nc3+ Kf1 81. Ne4 Rg8+ 82. Kf3 Rf8+ 83. Ke3 Re8 84. Kd3
Ke1 85. Ke3 Ra8 86. Kd3 Ra3+ 87. Nc3 Ra1 88. Kc4 Rc1 89. Kd4 Kf2 90. Ne4+ Kf3
91. Nc5 Rxc5 92. Kxc5 1/2-1/2

[Event "DM 2022 Kort Paaske 1 Grp2"]
[Site "Svendborg"]
[Date "2022.04.10"]
[Round "3"]
[White "Larsen, Rune"]
[Black "Lillevang, Sol Titus Tietgen"]
[Result "1-0"]
[WhiteElo "1200"]
[BlackElo "1200"]
[PlyCount "69"]
[EventDate "2022.04.09"]
[EventType "swiss"]
[EventRounds "5"]
[EventCountry "DEN"]

1. d4 d5 2. Bf4 Nc6 3. e3 e6 4. c3 Bd6 5. Bxd6 Qxd6 6. Nd2 Nf6 7. Bd3 O-O 8. f4
g6 9. Ngf3 Ng4 10. Qe2 f5 11. h3 Nf6 12. Ne5 Ne4 13. Bxe4 dxe4 14. Ndc4 Qe7 15.
Qf2 Bd7 16. Nxc6 Bxc6 17. Ne5 Bb5 18. b3 c5 19. c4 Ba6 20. O-O cxd4 21. exd4
Rad8 22. Rfd1 Rd6 23. Rd2 Rfd8 24. Rad1 Qc7 25. a4 Qb6 26. c5 Qxb3 27. cxd6
Rxd6 28. Qe1 Qxa4 29. d5 exd5 30. Rxd5 Rxd5 31. Rxd5 e3 32. Qxe3 Qa1+ 33. Kh2
Qa2 34. Rd8+ Kg7 35. Qc5 1-0

[Event "DM 2022 Kort Paaske 1 Grp2"]
[Site "Svendborg"]
[Date "2022.04.10"]
[Round "3"]
[White "Silcowitz, Magnus"]
[Black "Christensen, Jonas"]
[Result "1-0"]
[WhiteElo "1000"]
[BlackElo "1314"]
[PlyCount "73"]
[EventDate "2022.04.09"]
[EventType "swiss"]
[EventRounds "5"]
[EventCountry "DEN"]

1. d4 f5 2. Nc3 Nf6 3. g3 e6 4. Bg5 h6 5. Bxf6 Qxf6 6. Bg2 c6 7. e4 d6 8. Nf3
Nd7 9. Qe2 c5 10. e5 Qd8 11. Rd1 d5 12. Nh4 h5 13. f4 Be7 14. Ng6 Rh6 15. Bf3
Nf8 16. Nxf8 Kxf8 17. Bxh5 g6 18. Bf3 cxd4 19. Rxd4 Qb6 20. Rd3 Qxb2 21. O-O
Bc5+ 22. Kg2 b6 23. Rb1 Qa3 24. Rb3 Qa6 25. Qe1 Bb7 26. Ne2 d4 27. Nxd4 Bxd4
28. Rxd4 Bxf3+ 29. Rxf3 Qxa2 30. Qb4+ Kf7 31. Rf2 Rah8 32. h4 Rc8 33. Rd7+ Kg8
34. Qe7 Qd5+ 35. Rxd5 exd5 36. Qe6+ Kg7 37. Qxc8 1-0

[Event "DM 2022 Kort Paaske 1 Grp2"]
[Site "Svendborg"]
[Date "2022.04.11"]
[Round "4"]
[White "Nielsen, Ture Jungberg"]
[Black "Nielsen, Mads Emanuel"]
[Result "1/2-1/2"]
[WhiteElo "1649"]
[BlackElo "1610"]
[PlyCount "68"]
[EventDate "2022.04.09"]
[EventType "swiss"]
[EventRounds "5"]
[EventCountry "DEN"]

1. d4 d5 2. c4 e6 3. Nc3 Nf6 4. Bg5 Be7 5. e3 h6 6. Bh4 O-O 7. Nf3 Nbd7 8. Bd3
dxc4 9. Bxc4 c5 10. O-O cxd4 11. Nxd4 Nb6 12. Bb3 a6 13. Qf3 e5 14. Nf5 Bxf5
15. Qxf5 Nfd7 16. Bg3 Bf6 17. Rfd1 Qe7 18. Ne4 Nc5 19. Nxc5 Qxc5 20. Bc2 Rfd8
21. Rxd8+ Rxd8 22. Be4 Qd6 23. Qf3 Nc4 24. Bxb7 Nxb2 25. Qe2 a5 26. h3 Qd2 27.
Re1 Qxe2 28. Rxe2 Na4 29. f3 Nc5 30. Bc6 Rd6 31. Bb5 Rb6 32. Bc4 Rb1+ 33. Be1
Rc1 34. Bb5 Rb1 1/2-1/2

[Event "DM 2022 Kort Paaske 1 Grp2"]
[Site "Svendborg"]
[Date "2022.04.11"]
[Round "4"]
[White "Dreyer Stapput, Jakob"]
[Black "Haubro, Siv"]
[Result "0-1"]
[WhiteElo "1597"]
[BlackElo "1749"]
[PlyCount "104"]
[EventDate "2022.04.09"]
[EventType "swiss"]
[EventRounds "5"]
[EventCountry "DEN"]

1. d4 f5 2. Nc3 Nf6 3. Bf4 e6 4. g4 fxg4 5. h3 g3 6. Bxg3 d5 7. e3 Bb4 8. Qd3
Nc6 9. a3 Bxc3+ 10. Qxc3 Ne4 11. Qd3 Nxg3 12. fxg3 O-O 13. O-O-O Qd6 14. Ne2
Na5 15. h4 Nc4 16. Nf4 b5 17. Qc3 a5 18. Bxc4 bxc4 19. Rhf1 Bd7 20. Rf2 g6 21.
Rdf1 Ra7 22. Rf3 Rb8 23. Kd2 Rab7 24. Rb1 Rb5 25. Rf2 Qb6 26. Kc1 a4 27. Re2
Qd6 28. Rf2 Rf8 29. Kd2 Re8 30. Rbf1 Reb8 31. Rb1 Qb6 32. Kc1 Qd6 33. Kd2 Re8
34. Rbf1 Rb6 35. Rf3 e5 36. dxe5 Rxe5 37. Qd4 c5 38. Qc3 Bf5 39. Kc1 Rb7 40.
R3f2 Rbe7 41. Re2 Bd7 42. Kd2 Bb5 43. Rfe1 d4 44. exd4 cxd4 45. Qf3 c3+ 46. Kc1
Bxe2 47. Rxe2 cxb2+ 48. Kxb2 Rxe2 49. Nxe2 Qe5 50. Nf4 d3+ 51. Kb1 d2 52. Nd3
Qe1+ 0-1

[Event "DM 2022 Kort Paaske 1 Grp2"]
[Site "Svendborg"]
[Date "2022.04.11"]
[Round "4"]
[White "Christensen, Thorbjorn Erik K"]
[Black "Ambirk, Jan"]
[Result "0-1"]
[WhiteElo "1000"]
[BlackElo "1712"]
[PlyCount "104"]
[EventDate "2022.04.09"]
[EventType "swiss"]
[EventRounds "5"]
[EventCountry "DEN"]

1. d4 Nf6 2. Bg5 d5 3. Bxf6 exf6 4. e3 Be6 5. Nd2 c6 6. c4 Qa5 7. Qb3 Bb4 8.
Ngf3 O-O 9. Bd3 Nd7 10. Qc2 h6 11. O-O Bxd2 12. Nxd2 Rfc8 13. Nb3 Qd8 14. c5 b5
15. Rfe1 a5 16. a4 b4 17. e4 Nf8 18. e5 fxe5 19. Rxe5 Qf6 20. Rae1 Bg4 21. R1e3
Nd7 22. Re7 Be6 23. R7xe6 fxe6 24. Rf3 Qe7 25. Bh7+ Kh8 26. Bg6 Rf8 27. Rxf8+
Nxf8 28. Bh5 Qg5 29. Qe2 Qf5 30. Bg4 Qb1+ 31. Qd1 Qxb2 32. h3 Qa3 33. Nd2 Rb8
34. Qb3 Qc1+ 35. Qd1 Qxd1+ 36. Bxd1 b3 37. Nxb3 Rb4 38. Kh2 Rxa4 39. f4 Ra2 40.
Kg3 a4 41. Na5 Ra1 42. Bc2 Rc1 43. Bxa4 Ra1 44. Bxc6 Rxa5 45. Bb7 Ra3+ 46. Kg4
Ng6 47. c6 Rc3 48. f5 exf5+ 49. Kxf5 Ne7+ 50. Ke5 Nxc6+ 51. Kxd5 Nd8 52. Ba8
Rc8 0-1

[Event "DM 2022 Kort Paaske 1 Grp2"]
[Site "Svendborg"]
[Date "2022.04.11"]
[Round "4"]
[White "Paludan, Noah"]
[Black "Bruntse, Kathrine Lindegaard"]
[Result "0-1"]
[WhiteElo "1472"]
[BlackElo "1569"]
[PlyCount "74"]
[EventDate "2022.04.09"]
[EventType "swiss"]
[EventRounds "5"]
[EventCountry "DEN"]

1. e4 c5 2. Nc3 e6 3. f4 Nc6 4. Nf3 d5 5. Bb5 Nge7 6. exd5 exd5 7. Qe2 a6 8.
Bxc6+ bxc6 9. O-O Qd6 10. d3 g6 11. Bd2 Bg7 12. Rae1 Ra7 13. Kh1 O-O 14. h3 Nf5
15. Qf2 Nd4 16. Nxd4 Bxd4 17. Be3 Bxe3 18. Rxe3 d4 19. Ne4 dxe3 20. Qxe3 Qd4
21. Qg3 Bf5 22. c3 Qg7 23. Nxc5 Re8 24. Qf2 Rae7 25. d4 Bc8 26. Qf3 Qf6 27. a3
Re3 28. Qd1 Qe7 29. Nd3 f6 30. Kh2 Bf5 31. Nc5 Kh8 32. Nxa6 Bd3 33. Nc5 Bxf1
34. Qxf1 Re2 35. Qf3 Qe3 36. Qxc6 Qxf4+ 37. Kg1 Re1# 0-1

[Event "DM 2022 Kort Paaske 1 Grp2"]
[Site "Svendborg"]
[Date "2022.04.11"]
[Round "4"]
[White "Hansen, Patrick Noumedem"]
[Black "Larsen, Rune"]
[Result "0-1"]
[WhiteElo "1126"]
[BlackElo "1200"]
[PlyCount "84"]
[EventDate "2022.04.09"]
[EventType "swiss"]
[EventRounds "5"]
[EventCountry "DEN"]

1. d4 d5 2. c4 e6 3. Nf3 Nf6 4. e3 Be7 5. Bd3 b6 6. O-O Nbd7 7. b3 Bb7 8. Bb2
c5 9. Nbd2 O-O 10. Ne5 Bd6 11. f4 Qe7 12. Rf3 dxc4 13. Nxd7 Qxd7 14. bxc4 Bxf3
15. Qxf3 Be7 16. Bc2 Rfd8 17. Qh3 h6 18. Rf1 b5 19. Rf3 Kh8 20. Rg3 Bf8 21. Qh4
Qe7 22. cxb5 Rd5 23. Rh3 Rh5 24. Qg3 Rxh3 25. Qxh3 c4 26. e4 Rc8 27. Nf1 Qb4
28. Bc3 Qxb5 29. a4 Qh5 30. Qe3 Ng4 31. Qd2 Nf6 32. e5 Nd5 33. Bd1 Qh4 34. g3
Qe7 35. Bh5 g6 36. Bg4 Nxc3 37. Qxc3 Qb4 38. Qxb4 Bxb4 39. Ne3 c3 40. Nc2 Ba5
41. Bd1 Rb8 42. h4 Rb1 0-1

[Event "DM 2022 Kort Paaske 1 Grp2"]
[Site "Svendborg"]
[Date "2022.04.11"]
[Round "4"]
[White "Hagen, Frida Bjerregaard"]
[Black "Hojland, Jeppe"]
[Result "0-1"]
[WhiteElo "1293"]
[BlackElo "1612"]
[PlyCount "114"]
[EventDate "2022.04.09"]
[EventType "swiss"]
[EventRounds "5"]
[EventCountry "DEN"]

1. e4 c6 2. Nc3 d5 3. Nf3 dxe4 4. Nxe4 Bg4 5. Be2 e6 6. O-O Nf6 7. Nxf6+ Qxf6
8. d4 Nd7 9. Bg5 Qg6 10. Bd3 Qh5 11. Be2 Bxf3 12. Bxf3 Qxg5 13. Qd3 g6 14. Rfe1
Bg7 15. c3 O-O 16. Rad1 Rad8 17. b3 Ne5 18. Qe2 Nxf3+ 19. Qxf3 Rd5 20. Qe4 Rfd8
21. Kh1 c5 22. Qe2 cxd4 23. cxd4 Rxd4 24. Qc2 Rxd1 25. Rxd1 Rxd1+ 26. Qxd1 Bh6
27. Kg1 Qc1 28. Qxc1 Bxc1 29. Kf1 f5 30. Ke2 e5 31. Kd3 Kf7 32. Kc4 Ke6 33. Kc5
e4 34. Kd4 Kd6 35. a4 Ba3 36. f3 Bc5+ 37. Kc3 e3 38. Kd3 Kd5 39. g3 g5 40. h3
f4 41. g4 Bb4 42. Ke2 Kd4 43. a5 Bxa5 44. b4 Bxb4 45. h4 gxh4 46. g5 h3 47. g6
hxg6 48. Kf1 h2 49. Kg2 e2 50. Kxh2 e1=Q 51. Kg2 Qg3+ 52. Kh1 Qxf3+ 53. Kh2 g5
54. Kg1 g4 55. Kh2 g3+ 56. Kh3 g2+ 57. Kh4 Be7# 0-1

[Event "DM 2022 Kort Paaske 1 Grp2"]
[Site "Svendborg"]
[Date "2022.04.11"]
[Round "4"]
[White "Nielsen, Jan"]
[Black "Bruntse, Caroline Lindegaard"]
[Result "1/2-1/2"]
[WhiteElo "1568"]
[BlackElo "1471"]
[PlyCount "54"]
[EventDate "2022.04.09"]
[EventType "swiss"]
[EventRounds "5"]
[EventCountry "DEN"]

1. e4 c5 2. Nf3 d6 3. h3 Nc6 4. Nc3 a6 5. a3 Nf6 6. d3 g6 7. Be2 Bg7 8. O-O O-O
9. Bf4 Nd7 10. Qc1 Nde5 11. Bh6 Nxf3+ 12. Bxf3 Nd4 13. Bxg7 Nxf3+ 14. gxf3 Kxg7
15. Qf4 Bxh3 16. Rfe1 b5 17. Qg3 Qd7 18. Kh2 Be6 19. Rh1 Rh8 20. Kg2 Rad8 21.
Rh4 d5 22. Rah1 Qd6 23. Qg5 f6 24. Qh6+ Kf7 25. Qd2 Kg7 26. Qh6+ Kf7 27. Qd2
Kg7 1/2-1/2

[Event "DM 2022 Kort Paaske 1 Grp2"]
[Site "Svendborg"]
[Date "2022.04.11"]
[Round "4"]
[White "Silcowitz, Magnus"]
[Black "Knudsen, Tage"]
[Result "0-1"]
[WhiteElo "1000"]
[BlackElo "1561"]
[PlyCount "88"]
[EventDate "2022.04.09"]
[EventType "swiss"]
[EventRounds "5"]
[EventCountry "DEN"]

1. d4 d5 2. c4 c6 3. e3 e6 4. Nc3 Nf6 5. Bd3 dxc4 6. Bxc4 Nd5 7. Nf3 Bb4 8. Bd2
Qa5 9. Qc2 O-O 10. O-O Nxc3 11. Bxc3 Bxc3 12. bxc3 h6 13. Nd2 Nd7 14. e4 Nb6
15. Bd3 Qg5 16. Nf3 Qe7 17. Rfe1 Rd8 18. c4 Qf6 19. e5 Qe7 20. c5 Nd5 21. Qd2
b6 22. Re4 f5 23. exf6 Nxf6 24. Rh4 bxc5 25. Ne5 Qc7 26. Bg6 Rxd4 27. Rxd4 cxd4
28. Qxd4 c5 29. Rc1 cxd4 30. Rxc7 a5 31. Nc6 Ba6 32. Nxd4 Rd8 33. Bf7+ Kh8 34.
Bxe6 Rxd4 35. f3 Rd6 36. Rc5 Rxe6 37. Rxa5 Re1+ 38. Kf2 Re2+ 39. Kg3 Bc4 40. a4
Ra2 41. Ra8+ Kh7 42. h4 Bf1 43. a5 Rxg2+ 44. Kf4 Ra2 0-1

[Event "DM 2022 Kort Paaske 1 Grp2"]
[Site "Svendborg"]
[Date "2022.04.11"]
[Round "4"]
[White "Andersen, Malte Gravlund"]
[Black "Skov Nielsen, Kasper"]
[Result "1/2-1/2"]
[WhiteElo "1350"]
[BlackElo "1545"]
[PlyCount "57"]
[EventDate "2022.04.09"]
[EventType "swiss"]
[EventRounds "5"]
[EventCountry "DEN"]

1. e4 e6 2. d4 d5 3. e5 c5 4. c3 Nc6 5. Bb5 Bd7 6. Bxc6 Bxc6 7. Nf3 Qc7 8. O-O
Ne7 9. dxc5 Ng6 10. b4 Nxe5 11. Bf4 Nxf3+ 12. Qxf3 Qd8 13. Qg3 g6 14. Bc7 Qd7
15. Be5 Rg8 16. Nd2 Bg7 17. Bxg7 Rxg7 18. Qe5 Kf8 19. a4 Bxa4 20. Nf3 Bb5 21.
Rfe1 a6 22. Qf6 Re8 23. Nd4 Kg8 24. h4 Qd8 25. Qxd8 Rxd8 26. Nxb5 axb5 27. Ra5
Re8 28. Rxb5 f5 29. f4 1/2-1/2

[Event "DM 2022 Kort Paaske 1 Grp2"]
[Site "Svendborg"]
[Date "2022.04.11"]
[Round "4"]
[White "Lillevang, Sol Titus Tietgen"]
[Black "Christensen, Jonas"]
[Result "1/2-1/2"]
[WhiteElo "1200"]
[BlackElo "1314"]
[PlyCount "116"]
[EventDate "2022.04.09"]
[EventType "swiss"]
[EventRounds "5"]
[EventCountry "DEN"]

1. e4 c5 2. c3 e5 3. Nf3 Nc6 4. d4 d6 5. dxc5 dxc5 6. Qxd8+ Kxd8 7. Bb5 Bd6 8.
O-O f6 9. Rd1 Kc7 10. Na3 a6 11. Be3 Nd4 12. cxd4 cxd4 13. Rac1+ Kd8 14. Be2
Bxa3 15. bxa3 Bd7 16. Bd2 Ne7 17. Ba5+ Ke8 18. Rc7 Bb5 19. Bxb5+ axb5 20. Bb4
Nc6 21. Rc1 Nxb4 22. Rc8+ Kf7 23. Rxh8 Rxh8 24. axb4 Ra8 25. Ra1 Ra4 26. a3 Ke6
27. g4 g6 28. Nh4 d3 29. Kf1 Ra8 30. Ke1 Rc8 31. Kd2 Rc2+ 32. Kxd3 Rxf2 33. Rh1
Ra2 34. Kc3 Rxa3+ 35. Kb2 Rh3 36. Ng2 f5 37. gxf5+ gxf5 38. exf5+ Kxf5 39. Rf1+
Ke4 40. Re1+ Kf3 41. Ne3 Rxh2+ 42. Kc3 Rh3 43. Kd3 h5 44. Rf1+ Kg3 45. Ke4 Rh4+
46. Kxe5 Rxb4 47. Rh1 Kf3 48. Nd5 Re4+ 49. Kd6 b4 50. Rxh5 Ke2 51. Rh3 Rc4 52.
Rb3 Kd2 53. Nxb4 Rc3 54. Rb2+ Kc1 55. Rh2 Ra3 56. Kc7 Ra5 57. Kb6 Rg5 58. Kxb7
Rb5+ 1/2-1/2

[Event "DM 2022 Kort Paaske 1 Grp2"]
[Site "Svendborg"]
[Date "2022.04.11"]
[Round "5"]
[White "Ambirk, Jan"]
[Black "Nielsen, Ture Jungberg"]
[Result "0-1"]
[WhiteElo "1712"]
[BlackElo "1649"]
[PlyCount "106"]
[EventDate "2022.04.09"]
[EventType "swiss"]
[EventRounds "5"]
[EventCountry "DEN"]

1. e4 c5 2. Nc3 d6 3. g3 g6 4. Bg2 Bg7 5. d3 Nc6 6. f4 Nd4 7. Be3 Nf6 8. h3 Rb8
9. Nge2 Nd7 10. O-O b5 11. Qd2 b4 12. Nd1 Bb7 13. Nc1 Qc7 14. c3 bxc3 15. bxc3
Nc6 16. Ne2 O-O 17. Nf2 Ba8 18. g4 Rb6 19. f5 Rfb8 20. Nd1 Nce5 21. Nf4 Rb1 22.
Rxb1 Rxb1 23. Nd5 Bxd5 24. exd5 c4 25. d4 Nd3 26. fxg6 hxg6 27. Be4 Nf6 28.
Bxd3 cxd3 29. Qxd3 Ra1 30. Bg5 Rxa2 31. Qf3 Qc4 32. Re1 Qxd5 33. Qxd5 Nxd5 34.
Bxe7 Nxc3 35. Bxd6 Bxd4+ 36. Kf1 Ra1 37. Nxc3 Rxe1+ 38. Kxe1 Bxc3+ 39. Ke2 f6
40. Kd3 Ba5 41. Kc4 Kf7 42. Kd5 Bc3 43. h4 Kg7 44. Ke6 a5 45. Kd5 Be1 46. h5
gxh5 47. gxh5 Kh6 48. Ke6 Bc3 49. Kf5 Kxh5 50. Bf4 Bb2 51. Bd2 a4 52. Bb4 Kh4
53. Kf4 a3 0-1

[Event "DM 2022 Kort Paaske 1 Grp2"]
[Site "Svendborg"]
[Date "2022.04.11"]
[Round "5"]
[White "Nielsen, Mads Emanuel"]
[Black "Dreyer Stapput, Jakob"]
[Result "1-0"]
[WhiteElo "1610"]
[BlackElo "1597"]
[PlyCount "119"]
[EventDate "2022.04.09"]
[EventType "swiss"]
[EventRounds "5"]
[EventCountry "DEN"]

1. d4 d5 2. c4 e6 3. Nf3 Nf6 4. g3 dxc4 5. Bg2 c5 6. O-O Nc6 7. dxc5 Qxd1 8.
Rxd1 Bxc5 9. Nbd2 c3 10. bxc3 O-O 11. Nb3 Be7 12. Nfd4 Nxd4 13. cxd4 Nd5 14.
Bd2 f5 15. Rac1 Bf6 16. f3 Rd8 17. e4 Nb6 18. e5 Be7 19. Ba5 Kf7 20. f4 Rd7 21.
Bxb6 axb6 22. d5 exd5 23. Bxd5+ Kf8 24. Bc4 Bc5+ 25. Nxc5 bxc5 26. Rxd7 Bxd7
27. Bd5 Bc6 28. Bxc6 bxc6 29. Rxc5 Rxa2 30. Rxc6 Re2 31. Rc1 Kf7 32. Rf1 Ke6
33. Rf2 Re1+ 34. Kg2 Re3 35. Rd2 Ke7 36. Kh3 g5 37. fxg5 f4 38. Kg4 fxg3 39.
hxg3 Rxe5 40. Rf2 Re6 41. Kh5 Rg6 42. g4 Rb6 43. Rf6 Rb2 44. Kh6 Rh2+ 45. Kg7
Rh4 46. Rf4 Ke8 47. g6 hxg6 48. Kxg6 Ke7 49. Rf7+ Ke8 50. g5 Rh2 51. Kg7 Rh1
52. g6 Rh2 53. Rf8+ Ke7 54. Rh8 Rg2 55. Kh7 Rh2+ 56. Kg8 Rg2 57. g7 Rd2 58. Rh3
Rg2 59. Kh7 Kf7 60. Rf3+ 1-0

[Event "DM 2022 Kort Paaske 1 Grp2"]
[Site "Svendborg"]
[Date "2022.04.11"]
[Round "5"]
[White "Haubro, Siv"]
[Black "Bruntse, Kathrine Lindegaard"]
[Result "0-1"]
[WhiteElo "1749"]
[BlackElo "1569"]
[PlyCount "64"]
[EventDate "2022.04.09"]
[EventType "swiss"]
[EventRounds "5"]
[EventCountry "DEN"]

1. e4 c5 2. Nf3 e6 3. Bc4 Nc6 4. c3 d5 5. exd5 exd5 6. Bb5 Nf6 7. O-O Be7 8. d4
a6 9. Ba4 O-O 10. h3 Bf5 11. Be3 b5 12. Bc2 Bxc2 13. Qxc2 c4 14. Nbd2 b4 15.
Rfe1 Re8 16. Bg5 a5 17. Re2 h6 18. Bh4 Nh7 19. Bg3 Qd7 20. Rae1 Bf8 21. Qa4 Nf6
22. Bh4 Rxe2 23. Rxe2 Nxd4 24. Qxd7 Nxe2+ 25. Kf1 Nxd7 26. Kxe2 Re8+ 27. Kf1
Bc5 28. Bg3 f6 29. Nh4 Ne5 30. Ndf3 Nd3 31. cxb4 axb4 32. b3 c3 0-1

[Event "DM 2022 Kort Paaske 1 Grp2"]
[Site "Svendborg"]
[Date "2022.04.11"]
[Round "5"]
[White "Larsen, Rune"]
[Black "Christensen, Thorbjorn Erik K"]
[Result "1-0"]
[WhiteElo "1200"]
[BlackElo "1000"]
[PlyCount "75"]
[EventDate "2022.04.09"]
[EventType "swiss"]
[EventRounds "5"]
[EventCountry "DEN"]

1. d4 d5 2. Bf4 c6 3. e3 Nf6 4. Nd2 Bf5 5. Bd3 Bxd3 6. cxd3 Nbd7 7. Ne2 Nh5 8.
O-O h6 9. Rc1 Nxf4 10. Nxf4 e6 11. a3 a5 12. Rc2 Nf6 13. Nb3 a4 14. Nd2 Bd6 15.
Qf3 Rc8 16. Nh5 Nxh5 17. Qxh5 Qg5 18. Qxg5 hxg5 19. g3 b5 20. Rfc1 Kd7 21. Nf3
f6 22. Kg2 g4 23. Nd2 f5 24. f3 Rh6 25. fxg4 fxg4 26. Rf1 Ke7 27. Rfc1 Rch8 28.
Nf1 Rc8 29. Rxc6 Rxc6 30. Rxc6 Kd7 31. Rb6 Rh8 32. Rb7+ Bc7 33. Rxb5 Rb8 34.
Rxb8 Bxb8 35. Kf2 Ba7 36. Ke2 Kd6 37. Nd2 e5 38. dxe5+ Kxe5 39. Nb1 Bc5 1-0

[Event "DM 2022 Kort Paaske 1 Grp2"]
[Site "Svendborg"]
[Date "2022.04.11"]
[Round "5"]
[White "Hojland, Jeppe"]
[Black "Hansen, Patrick Noumedem"]
[Result "1-0"]
[WhiteElo "1612"]
[BlackElo "1126"]
[PlyCount "83"]
[EventDate "2022.04.09"]
[EventType "swiss"]
[EventRounds "5"]
[EventCountry "DEN"]

1. c4 c6 2. e4 d5 3. cxd5 cxd5 4. exd5 Qxd5 5. Nc3 Qe5+ 6. Be2 Nf6 7. Nf3 Qc7
8. O-O e6 9. d4 Bd6 10. Nb5 Qb6 11. Be3 Nd5 12. Nxd6+ Qxd6 13. Rc1 Nc6 14. a3
Bd7 15. Nd2 O-O 16. Ne4 Qe7 17. Bf3 Nxe3 18. fxe3 Rac8 19. Qe2 Rc7 20. b4 Rfc8
21. Qd2 a6 22. Nc5 Be8 23. Rcd1 Rd8 24. Qf2 b6 25. Nd3 Rdc8 26. h4 Na7 27. Ne5
f6 28. Nd3 Rc2 29. Rd2 Rxd2 30. Qxd2 f5 31. h5 Bb5 32. Rd1 Bxd3 33. Qxd3 b5 34.
d5 Rd8 35. e4 g6 36. d6 Qd7 37. e5 Rc8 38. h6 Kf7 39. Qd2 Ke8 40. Rc1 Kd8 41.
Qg5+ Ke8 42. Rxc8+ 1-0

[Event "DM 2022 Kort Paaske 1 Grp2"]
[Site "Svendborg"]
[Date "2022.04.11"]
[Round "5"]
[White "Knudsen, Tage"]
[Black "Paludan, Noah"]
[Result "0-1"]
[WhiteElo "1561"]
[BlackElo "1472"]
[PlyCount "36"]
[EventDate "2022.04.09"]
[EventType "swiss"]
[EventRounds "5"]
[EventCountry "DEN"]

1. d4 Nf6 2. Bf4 g6 3. Nd2 Bg7 4. c3 d6 5. Ngf3 O-O 6. e4 Nbd7 7. Bd3 Re8 8.
Bc4 c5 9. Ng5 Rf8 10. Qc2 Nh5 11. Be3 e5 12. Ngf3 exd4 13. cxd4 cxd4 14. Nxd4
Ne5 15. Bd5 Ng4 16. Qb3 Nxe3 17. Qxe3 Nf6 18. Qb3 Nxd5 0-1

[Event "DM 2022 Kort Paaske 1 Grp2"]
[Site "Svendborg"]
[Date "2022.04.11"]
[Round "5"]
[White "Bruntse, Caroline Lindegaard"]
[Black "Andersen, Malte Gravlund"]
[Result "1-0"]
[WhiteElo "1471"]
[BlackElo "1350"]
[PlyCount "69"]
[EventDate "2022.04.09"]
[EventType "swiss"]
[EventRounds "5"]
[EventCountry "DEN"]

1. d4 Nf6 2. c4 e6 3. Nc3 Bb4 4. Bd2 O-O 5. Nf3 b6 6. a3 Bxc3 7. Bxc3 Bb7 8. e3
Ne4 9. Bd2 Qf6 10. Rc1 Nc6 11. Be2 a5 12. O-O Ne7 13. Bc3 Nxc3 14. Rxc3 d6 15.
Nd2 c5 16. Bf3 cxd4 17. exd4 Bxf3 18. Nxf3 d5 19. Ne5 Rfd8 20. Qd2 dxc4 21. Rd1
b5 22. Rf3 Qxe5 23. dxe5 Rxd2 24. Rxd2 Nc6 25. Re3 Kf8 26. f4 Ke7 27. Rd6 Rc8
28. Re2 Rd8 29. Red2 Rxd6 30. Rxd6 Nd8 31. Rb6 Kd7 32. Rxb5 Kc6 33. Rxa5 Nb7
34. Ra4 Kb5 35. Rb4+ 1-0

[Event "DM 2022 Kort Paaske 1 Grp2"]
[Site "Svendborg"]
[Date "2022.04.11"]
[Round "5"]
[White "Skov Nielsen, Kasper"]
[Black "Silcowitz, Magnus"]
[Result "1-0"]
[WhiteElo "1545"]
[BlackElo "1000"]
[PlyCount "63"]
[EventDate "2022.04.09"]
[EventType "swiss"]
[EventRounds "5"]
[EventCountry "DEN"]

1. e4 e5 2. f4 exf4 3. Nf3 Nc6 4. Nc3 Bb4 5. Bc4 d6 6. a3 Bxc3 7. dxc3 Nf6 8.
O-O Bg4 9. Bxf4 Qd7 10. Qd3 Bxf3 11. Qxf3 O-O-O 12. Bb5 Rhe8 13. Rae1 h6 14. e5
Ng4 15. exd6 cxd6 16. Bxd6 h5 17. h3 Qxd6 18. hxg4 Qc5+ 19. Kh1 Qxb5 20. Rxe8
Rxe8 21. Qxf7 Rh8 22. Qe6+ Kc7 23. Rf7+ Kb6 24. gxh5 Rxh5+ 25. Kg1 Qc5+ 26. Kf1
Qb5+ 27. Kg1 Re5 28. Qd7 Re1+ 29. Kh2 Qh5+ 30. Kg3 Qg5+ 31. Kh2 Qf4+ 32. Rxf4
1-0

[Event "DM 2022 Kort Paaske 1 Grp2"]
[Site "Svendborg"]
[Date "2022.04.11"]
[Round "5"]
[White "Christensen, Jonas"]
[Black "Hagen, Frida Bjerregaard"]
[Result "0-1"]
[WhiteElo "1314"]
[BlackElo "1293"]
[PlyCount "110"]
[EventDate "2022.04.09"]
[EventType "swiss"]
[EventRounds "5"]
[EventCountry "DEN"]

1. e4 c5 2. Nf3 g6 3. c3 d5 4. Bb5+ Bd7 5. Bxd7+ Qxd7 6. exd5 Qxd5 7. O-O Bg7
8. Qb3 Qxb3 9. axb3 Nf6 10. Re1 Nc6 11. d4 cxd4 12. Nxd4 Nxd4 13. cxd4 a6 14.
Nc3 Rd8 15. Ra4 Nd5 16. Bg5 f6 17. Nxd5 Rxd5 18. Bd2 Kf7 19. Rc4 Rhd8 20. Rc7
R5d7 21. Rxd7 Rxd7 22. Bb4 f5 23. Bc3 Bxd4 24. Bxd4 Rxd4 25. f3 Rd2 26. g4 Rxb2
27. gxf5 gxf5 28. Re3 e6 29. Rc3 Kf6 30. f4 b5 31. Rc7 Rxb3 32. Rxh7 a5 33.
Rh6+ Ke7 34. Kf2 a4 35. Ke2 a3 36. Rh7+ Kd6 37. Ra7 b4 38. h4 Rh3 39. Ra4 Rxh4
40. Rxb4 Kc5 41. Ra4 a2 42. Kd3 Rxf4 43. Rxa2 Rf3+ 44. Ke2 Rb3 45. Ra4 e5 46.
Ra5+ Rb5 47. Ra3 Kc4 48. Rh3 Rb2+ 49. Kf1 f4 50. Rh8 Kd4 51. Rh3 e4 52. Ke1 e3
53. Kd1 Ke4 54. Ke1 f3 55. Kd1 f2 0-1